000 01991nam a2200397 c 4500
003 BLK
005 20221015122519.0
008 180409b bul|||||r ||||||| ||bul||
010 _aKNG00133811000
040 _aBLK
041 _aBUL
_cBUL
080 _aВоенна история - Военни походи, битки, героични подвизи. Вж и 93/99
_b355.48
_x(430)
_z355.48(430)
080 _aИстория на Втората световна война (1939-1945)
_b940.53
_x
_z940.53
100 1 _aБланк, Александър Соломонович
_eпърви автор
_9321043
700 1 _aИсусова, Славка Рангелова
_eпрев. от рус.
_9321049
139 _aБланк, Александър Соломонович
_bБ 47
245 1 0 _aВторият живот на фелдмаршал Паулус
_bДок.-мемоарна повест
_cАлександър Соломонович Бланк; прев. от рус. Славка Рангелова Исусова.
250 _a2. изд.
257 _aSUN
260 София
_bПартиздат
_c1989
_fВ. Търнова : Д. Найденов
300 _a216 с.
_c20 см
380 _a3
490 1 _aИсторическо четиво
500 _aОриг. загл. Вторая жизнь фельдмаршала Паулюса / Александър Бланк. - 1. изд. 1986. - Без тир.
650 4 _aВтора световна война - участие на Германия
_9282728
650 4 _aВоенна история - Германия
_9300152
651 4 _aГермания
_9178754
653 _aвоенна история
653 _aГермания
653 _aВтора световна война
852 _aЦб 158654
856 4 _qpdf
_u
856 4 _qpdf
_u
942 _cKNG
_n0
_03
944 _aCR
_c19.09.2012
_l19.09.2012 - от С1,Р / 19.09.2012
_kКамелия_Данева
944 _aED
_c19.09.2012
_l19.09.2012 - от С1,Р / 19.09.2012
_k
999 _c128092
_d128092